| 000 | 01088nam a2200301 4500 | ||
|---|---|---|---|
| 003 | OSt | ||
| 005 | 20231106095900.0 | ||
| 008 | 231027s2019 mx |||f |||| 001 0 spa d | ||
| 020 | _a9786071205599 (Número 24) | ||
| 040 |
_erda _cCHAP |
||
| 082 | 0 | 0 |
_222 _a333.3172 _bF95 |
| 100 | 1 |
_943805 _aFuente Hernández, Juan de la |
|
| 245 | 1 | 0 |
_aPensamiento agrario en el México postrevolucionario: _bproceso fundacional, 1917-1950 / _cpor Juan de la Fuente Hernández y González Huerta Margarita |
| 264 | 1 |
_aMéxico: _bUniversidad Autónoma Chapingo, _c2019. |
|
| 300 |
_a499 páginas: _bsin ilustraciones |
||
| 336 |
_2rdacontent _atexto _btxt |
||
| 337 |
_2rdamedia _asin medio _bn |
||
| 338 |
_2rdacarrier _avolumen _bnc |
||
| 490 | 1 | _aColección Tlatemoa | |
| 504 | _aIncluye índice y bibliografía | ||
| 650 | 4 |
_9138146 _aReforma agraria _xMéxico |
|
| 650 | 4 |
_9113171 _aTierras _xTenencia _xHistoria |
|
| 650 | 4 |
_9138138 _aTierras _xTenencia _xMéxico |
|
| 700 | 1 |
_949062 _aGonzález Huerta, Margarita |
|
| 830 | 0 |
_925011 _aColección Tlatemoa _v24 |
|
| 942 | _2ddc | ||
| 942 | _cLIBRO | ||
| 999 |
_c219335 _d219335 |
||